A Standard Swahili-English dictionary (Record no. 76739)

MARC details
000 -LEADER
fixed length control field 00662nam a2200145 a 4500
008 - FIXED-LENGTH DATA ELEMENTS--GENERAL INFORMATION
fixed length control field 120416s1939 ||||||||||||||||| || u
050 ## - LIBRARY OF CONGRESS CALL NUMBER
Classification number PL 8703 Int
245 12 - TITLE STATEMENT
Title A Standard Swahili-English dictionary
246 ## -
-- Inter-territorial Lnguage (Swahili) Committee for the East African Dependencies
260 ## - PUBLICATION, DISTRIBUTION, ETC.
Place of publication, distribution, etc. London
Name of publisher, distributor, etc. Oxford University Press
Date of publication, distribution, etc. 1939
300 ## - PHYSICAL DESCRIPTION
Extent x, 548p.
350 ## -
-- 0.00
995 ## -
-- REFERENCE BOOKS
-- 0.00
-- 133997
-- CBU-MAIN LIBRARY (Kitwe)
-- 1
-- 0.00
-- PL 8703 Int
-- 1
-- REFERENCE
-- 022932
-- Reference Collection
995 ## -
-- REFERENCE BOOKS
-- 0.00
-- 133998
-- CBU-MAIN LIBRARY (Kitwe)
-- 2
-- 0.00
-- PL 8703 Int
-- 2
-- REFERENCE
-- 022941
-- Reference Collection
999 ## -
-- 76739
-- 76739
Holdings
Withdrawn status Lost status Source of classification or shelving scheme Damaged status Not for loan Permanent Location Current Location Shelving location Date acquired Total Checkouts Full call number Barcode Date last seen Copy number Price effective from Koha item type
          CBU-MAIN LIBRARY, KITWE. CBU-MAIN LIBRARY, KITWE.   04/25/2023   PL 8703 Int 022932 04/25/2023 1 04/25/2023 SPECIAL COLLECTION
          CBU-MAIN LIBRARY, KITWE. CBU-MAIN LIBRARY, KITWE.   04/25/2023   PL 8703 Int 022941 04/25/2023 2 04/25/2023 SPECIAL COLLECTION